Supreme Court reports : (Record no. 9127)

MARC details
000 -LEADER
fixed length control field 00918nam a22001937a 4500
003 - CONTROL NUMBER IDENTIFIER
control field OSt
005 - DATE AND TIME OF LATEST TRANSACTION
control field 20260316012436.0
008 - FIXED-LENGTH DATA ELEMENTS--GENERAL INFORMATION
fixed length control field 260316b |||||||| |||| 00| 0 eng d
020 ## - INTERNATIONAL STANDARD BOOK NUMBER
International Standard Book Number 971-16-0092-7
040 ## - CATALOGING SOURCE
Original cataloging agency DWC-Main lib.
Transcribing agency OC
082 ## - DEWEY DECIMAL CLASSIFICATION NUMBER
Classification number GR. 348.044 Su959
110 ## - MAIN ENTRY--CORPORATE NAME
Corporate name or jurisdiction name as entry element EDITORIAL STAFF OF THE CENTRAL LAWBOOK PUBLISHING CO., INC
245 ## - TITLE STATEMENT
Title Supreme Court reports :
Remainder of title annotated/
Statement of responsibility, etc. EDITORIAL STAFF OF THE CENTRAL LAWBOOK PUBLISHING CO., INC
260 ## - PUBLICATION, DISTRIBUTION, ETC.
Place of publication, distribution, etc. Manila, Philippines :
Name of publisher, distributor, etc. Central Lawbook Publishing Company, Inc.
300 ## - PHYSICAL DESCRIPTION
Extent various paging :
Dimensions 23 cm.
501 ## - WITH NOTE
With note volume 52 to 60
504 ## - BIBLIOGRAPHY, ETC. NOTE
Bibliography, etc. note v.52 - July to August 30, 1973<br/>v.53 - September to October 31, 1973<br/>v.54 - November to December 31, 1973<br/>v.55 - January to February 28, 1974<br/>v.56 - March to April 1974<br/>v.57 - May to June 30, 1974<br/>v.58 - July to August 30, 1974<br/>v. 60 - September 18 to October 31, 1974
942 ## - ADDED ENTRY ELEMENTS (KOHA)
Source of classification or shelving scheme Dewey Decimal Classification
Koha item type General Reference
Classification part GR.
Suppress in OPAC No
952 ## - LOCATION AND ITEM INFORMATION (KOHA)
--
952 ## - LOCATION AND ITEM INFORMATION (KOHA)
--
952 ## - LOCATION AND ITEM INFORMATION (KOHA)
--
952 ## - LOCATION AND ITEM INFORMATION (KOHA)
--
952 ## - LOCATION AND ITEM INFORMATION (KOHA)
--
952 ## - LOCATION AND ITEM INFORMATION (KOHA)
--
952 ## - LOCATION AND ITEM INFORMATION (KOHA)
--
952 ## - LOCATION AND ITEM INFORMATION (KOHA)
--
952 ## - LOCATION AND ITEM INFORMATION (KOHA)
--
Holdings
Withdrawn status Lost status Source of classification or shelving scheme Damaged status Not for loan Home library Current library Shelving location Date acquired Source of acquisition Total Checkouts Full call number Barcode Date last seen Copy number Price effective from Koha item type Uniform Resource Identifier
    Dewey Decimal Classification     College Library College Library General Reference 03/08/2006 SF   GR. 348.044 Su959 CL42923 03/16/2026 c1 03/16/2026 GR
    Dewey Decimal Classification     College Library College Library General Reference 03/08/2006 SF   GR. 348.044 Su959 42924 03/16/2026 c2 03/16/2026 GR
    Dewey Decimal Classification     College Library College Library General Reference 03/08/2006 SF   GR. 348.044 Su959 42925 03/16/2026 c3 03/16/2026 GR
    Dewey Decimal Classification     College Library College Library General Reference 03/08/2006 SF   GR. 348.044 Su959 42926 03/16/2026 c4 03/16/2026 GR
    Dewey Decimal Classification     College Library College Library General Reference 03/08/2006 SF   GR. 348.044 Su959 42927 03/16/2026 c5 03/16/2026 GR
    Dewey Decimal Classification     College Library College Library General Reference 03/08/2006 SF   GR. 348.044 Su959 42928 03/16/2026 c6 03/16/2026 GR
    Dewey Decimal Classification     College Library College Library General Reference 03/08/2006 SF   GR. 348.044 Su959 42929 03/16/2026 c7 03/16/2026 GR
    Dewey Decimal Classification     College Library College Library General Reference 03/08/2006 SF   GR. 348.044 Su959 42930 03/16/2026 c8 03/16/2026 GR
    Dewey Decimal Classification     College Library College Library General Reference 03/08/2006 SF   GR. 348.044 Su959 42931 03/16/2026 c9 03/16/2026 GR